| 000 | 01420nam a2200241Ia 4500 | ||
|---|---|---|---|
| 999 |
_c39216 _d39216 |
||
| 001 | 5802 | ||
| 003 | GE_BSU | ||
| 005 | 20190617145603.0 | ||
| 008 | 181216s1986||||ge |||||||||||||| ||geo|| | ||
| 040 | _cGE_BSU | ||
| 041 | _ageo | ||
| 080 | _a69 : 658.5(073) მ-50 | ||
| 245 |
_aმეთოდური მითითებები სამშენებლო წარმოების ორგანიზაციის დაგეგმვისა და მართვის კურსის პრაქტიკული მეცადინეობების ჩასატარებლად / _cშემდგ. ა. ჭანტურია, რ. მახვილაძე და სხვ. ; პ/რედ. შ. სირაძე |
||
| 264 |
_aთბილისი : _bსპი, _c1986. |
||
| 300 |
_a64 გვ. ; _c20 სმ. |
||
| 504 | _aბიბლიოგრ. : გვ.62. | ||
| 653 | _aსამშენებლო წარმოების ორგანიზაციის დაგეგმვა და მართვა | ||
| 653 | _aსამშენებლო წარმოება | ||
| 700 |
_aჭანტურია, ა. _eშემდგენელი _9818 |
||
| 700 |
_aმახვილაძე, რ. _eშემდგენელი _92517 |
||
| 700 |
_aსირაძე, შ. _eრედაქტორი _9839 |
||
| 942 |
_cBK _2udc |
||